000 00895cam a2200253 i 4500
001 14041
003 BD-JhCC
005 20240525133822.0
008 751111s1974 cau s00010 eng
035 _a(BD-JhCC)14041
035 _a1087956
040 _aANL
_dANL
041 _aeng
050 0 0 _aKFC1155
_b.A25 1974
082 0 _a345.79405
_bAHM 1965
110 1 _aCalifornia.
_bLegislature.
_bPenal Code Revision Project.
245 1 4 _aThe criminal procedure code /
_cPenal Code Revision Project.
260 _aLos Angeles :
_bJoint Legislative Committee for Revision of the Penal Code,
_c1965
300 _axlvii, 474 p. ;
_c24 cm.
500 _aAt head of title: State of California, Joint Legislative Committee for Revision of the Penal Code.
650 0 _aCriminal procedure
_zCalifornia.
710 1 _aCalifornia.
_bLegislature.
_bPenal Code Revision Project.
942 _2ddc
_cBK
999 _c14041
_d14041